Every Wrestler to Win Championships in Both WWE & AEW - Statistics

General Stats
  • This quiz has been taken 1,559 times
    507 since last reset
  • The average score is 23 of 33
Answer Stats
WWF/WWE AEW Wrestler % Correct
(x1) WWF Champion (x3) World Heavyweight Champion (x2) WCW World Heavyweight Champion (x9) WWE Intercontinental Champion (x2) WWE United States Champion (x1) WWF European Champion (x1) WWF Hardcore Champion (x1) WWE Tag Team Champion (x4) World Tag Team Champion (x1) AEW World Champion(x2) ROH World Champion
(x1) FTW Champion
Chris Jericho
94%
(x1) WWE Champion(x3) WWE Intercontinental Champion (x2) WWE Raw Tag Team Champion (x1) WWE United States Champion (x4) AEW World Champion(x1) AEW International Champion Jon Moxley
93%
(x2) Undisputed WWE Champion (x2) World Tag Team Champion(x3) WWE Tag Team Champion (x1) WWE Raw Tag Team Champion (x1) WWE SmackDown Tag Team Champion (x2) WWE Intercontinental Champion (x3) AEW TNT Champion Cody Rhodes
91%
(x4) WWE Champion(x7) World Heavyweight Champion (x5) WWE Intercontinental Champion (x1) WCW United States Champion (x2) WWE Tag Team Champion (x12) World Tag Team Champion (x2) AEW TNT Champion Adam Copeland
85%
(x2) WWE Champion (x2) WWE World Heavyweight Champion (x3) World Heavyweight Champion (x1) ECW World Heavyweight Champion (x1) WWE Intercontinental Champion (x1) World Tag Team Champion (x2) AEW World Champion CM Punk
84%
(x2) World Heavyweight Champion(x2) ECW Heavyweight Champion (x4) WWE Intercontinental Champion (x1) WWF European Champion (x1) WWF Hardcore Champion (x1) WWF Light Heavyweight Champion (x9) World Tag Team Champion (x2) AEW TNT Champion(x1) AEW Trios Champion Christian Cage
82%
(x5) WWE Raw Women's Champion(x1) WWE SmackDown Women's Champion (x1) NXT Women's Champion (x3) WWE Women's Tag Team Champion (x1) AEW TBS Champion(x1) ROH Women's World Television Champion Mercedes Mone
82%
(x1) NXT UK Women's Champion (x4) AEW Women's World Champion Toni Storm
81%
(x1) NXT Champion(x1) NXT North American Champion (x1) AEW TNT Champion(x1) AEW Owen Hart Cup Champion
(x1) ROH World Tag Team Champion
Adam Cole
80%
(x3) WWF Intercontinental Champion(x10) WWF Hardcore Champion (x2) WWE Tag Team Champion (x1) World Tag Team Champion (x1) AEW TNT Champion (x1) ROH World Tag Team Champion (x1) ROH World Six-Man Tag Team Champion Dustin Rhodes
80%
(x2) WWE United States Champion (x3) NXT Champion (x2) AEW World Champion (x2) AEW TNT Champion(x1) AEW World Trios Champion (x1) ROH World Television Champion Samoa Joe
80%
(x4) WWE Champion(x1) World Heavyweight Champion (x1) WWE Intercontinental Champion (x1) WWE United States Champion (x1) WWE Tag Team Champion (x1) WWE SmackDown Tag Team Champion (x1) AEW World Champion(x1) AEW Owen Hart Cup Champion Bryan Danielson
75%
(x1) WWE Intercontinental Champion(x1) NXT Tag Team Champion (x2) WWE SmackDown Tag Team Champion (x1) AEW TNT Champion Mr. Brodie Lee
72%
(x1) WWE Intercontinental Champion(x1) WWE United States Champion (x1) WWE Speed Champion (x1) NXT North American Champion (x1) AEW National Champion Ricochet
72%
(x2) WWE Divas Champion (x1) NXT Women's Champion (x1) AEW Women's World Champion Saraya
71%
(x1) NXT North American Champion (x1) AEW World Champion (x1) AEW World Tag Team Champion Swerve Strickland
70%
(x1) NXT Champion(x1) NXT North American Champion (x1) AEW World Tag Team Champion Keith Lee
68%
(x2) WWE Champion(x2) ECW World Heavyweight Champion (x2) WWE Intercontinental Champion (x3) WWE United States Champion (x1) AEW World Tag Team Champion Bobby Lashley
67%
(x2) WWE Cruiserweight Champion (x1) NXT Champion(x2) NXT Tag Team Champion (x2) AEW World Trios Champion,(x1) AEW All-Atlantic Champion PAC
66%
(x1) WWE United States Champion(x1) WWE Tag Team Champion
(x4) WWE Raw Tag Team Champion
(x2) WWE SmackDown Tag Team Champion
(x2) ROH World Champion(x1) AEW Trios Champion Claudio Castagnoli
63%
(x1) WWE 24/7 Champion(x2) NXT Tag Team Champion (x2) WWE Raw Tag Team Champion (x1) WWE SmackDown Tag Team Champion (x3) AEW World Tag Team Champion(x1) ROH World Tag Team Champion Dax Harwood
63%
(x1) WWE Women's Champion (x2) WWE Women's Tag Team Champion (x1) AEW TBS Champion Jade Cargill
63%
(x1) WWE 24/7 Champion(x2) NXT Tag Team Champion (x2) WWE Raw Tag Team Champion (x1) WWE SmackDown Tag Team Champion (x3) AEW World Tag Team Champion(x1) ROH World Tag Team Champion Cash Wheeler
62%
(x1) NXT Women's Champion(x1) NXT Women's Tag Team Champion (x1) ROH Women's World Champion Athena
60%
(x3) WWE United States Champion (x1) AEW TNT Champion Rusev
59%
(x3) WWE Intercontinental Champion(x1) WWE United States Champion (x3) WWE 24/7 Champion (x2) WWE Tag Team Champion (x1) WWE Raw Tag Team Champion (x1) AEW World Tag Team Champion Shelton Benjamin
59%
(x1) NXT North American Champion(x1) NXT Cruiserweight Champion (x2) NXT Tag Team Champion (x1) AEW International Champion Roderick Strong
58%
(x1) NXT Champion (x1) AEW World Trios Champion Aleister Black
57%
(x1) NXT Champion (x1) NXT North American Champion (x1) FTW Champion(x1) AEW Owen Hart Cup Champion
(x1) AEW Tag Team Champion
Ricky Saints
54%
(x1) WWF Intercontinental Champion
(x2) WWF Hardcore Champion
(x1) WWE Tag Team Champion
(x10) World Tag Team Champion
(x1) AEW World Trios Champion Billy Gunn
53%
(x1) NXT Women's Champion (x1) AEW Women's World Champion Blake Monroe
51%
(x1) WWE Cruiserweight Champion (x1) WWE Raw Tag Team Champion(x1) NXT Tag Team Champion (x1) AEW World Trios Champion Buddy Matthews
43%
(x2) WWE 24/7 Champion (x1) ROH World Tag Team Champion Mike Bennett
15%
No matching quizzes found
Score Distribution
Percent of People with Each Score
Percentile by Number Answered
Your Score History
You have not taken this quiz since the last reset